00800nam a2200217Ia 4500003000900000008004100009040001600050080001700066100002400083245010000107260003300207300001600240490006800256650004100324650002900365650001800394650003000412942000700442999001500449952011800464IN-BaIIA211028s9999 xx 000 0 eng d cIIA Library a521.132bKUR aKurth, Rudolf93497 0aIntroduction to stellar statisticscRudolf Kurth  aOxfordbPergamon Pressc1967 aviii, 175p. aInternational series of monographs in natural philosophy; v. 10 aAstronomy and astrophysics thesaurus aStatistics - stars95654 aStellar95655 aStellar atmospheres91135 cBK c3181d3181 00104070aBANbBANcGENd1969-01-29g52.20l0o521.132/ KURp3535r2021-11-05v52.20w1969-01-29yBKGRs. 52.20